000 00387nam a2200169Ia 4500
001 28617
003 IN-NITTTR
005 20251114233353.0
008 251113s9999||||xx |||||||||||||| ||eng||
040 _beng
040 _cIN-NITTTR
041 _aeng
082 _a005.133 K13L
100 _aKanetkar, Yashavant P.
245 0 _aLet us C /
_cKanetkar, Yashavant P.
942 _2ddc
_cBK
999 _c31245
_d31245